000 00611nam a22002297a 4500
003 UA-OsUOA
001 37866
007 ta
008 20060412b un ||||| |||| 00| 0 ukr d
090 _a(038)33=111
_bГ54
942 _cBK
040 _aUA-OsUOA
_bukr
_cUA-OsUOA
_dUA-OsUOA
245 _aГлоссарий маркетинговых терминов: Ок. 2500 терминов
_bУчеб. пособие
300 _a240 с.
955 _a2
041 _aukr
080 _a(038)33=111
020 _a966-8558-09-Х
260 _aХ.
_bИзд-во НУА
_c2004
650 7 _2UDC
999 _c324015
_d324015